| 000 | 01199 a2200181 4500 | ||
|---|---|---|---|
| 020 | _a0030335930 (hardcover) | ||
| 020 | _a9780030335938 (hardcover) | ||
| 082 | 0 | 4 | _a338.5 |
| 090 |
_c5545 _d5545 |
||
| 100 | 1 | _aNicholson, Walter. | |
| 245 | 1 | 0 |
_aMicroeconomic theory : _bbasic principles and extensions / _cWalter Nicholson. |
| 250 | _a8th ed. | ||
| 260 |
_a[S.l.] : _bSouth-Western College Pub, _c2001. |
||
| 300 |
_a768 p. ; _c27 cm. |
||
| 520 | _aApplauded for providing the most clear and accurate presentation of advanced microeconomic concepts, Walter Nicholson brings us Microeconomic Theory: Basic Principles and Extensions, 8e . It gives readers the opportunity to work directly with theoretical tools, real-world applications, and cutting edge developments in the study of microeconomics. Reviewers exclaim, "Nicholson’s text is solid, rigorous and comprehensive. It is sensibly challenging for students, best serving students with a mathematics background, and absolutely essential for those who are preparing for graduate studies in economics. | ||
| 856 |
_3Amazon.com _uhttp://www.amazon.com/exec/obidos/ASIN/0030335930/chopaconline-2 |
||
| 942 |
_aNBS _cBK _k338.5 NIC |
||
| 999 |
_c347949 _d347949 |
||